| 000 | 01221cam a22002653a 4500 | ||
|---|---|---|---|
| 001 | 10694 | ||
| 003 | PGUSA | ||
| 005 | 20140828083227.0 | ||
| 008 | 040101s2004||||xxu|||||s|||||000 | eng d | ||
| 040 |
_aPGUSA _beng |
||
| 042 | _adc | ||
| 050 | 4 | _aV | |
| 100 | 1 |
_aBridge, Cyprian, _cSir, _d1839-1924 |
|
| 245 | 1 | 0 |
_aSea-Power and Other Studies _h[electronic resource] / _cCyprian, Bridge |
| 260 |
_bProject Gutenberg, _c2004 |
||
| 505 | 0 | _aSea-power -- The command of the sea -- War and its chief lessons -- The historical relations between the navy and the merchant service -- Facts and fancies about the press-gang -- Projected invasions of the British Isles -- Over-sea raids and raids on land -- Queen Elizabeth and her seamen -- Nelson: The centenary of Trafalgar -- The share of the fleet in the defence of the empire -- Naval strategy and tactics at the time of Trafalgar -- The supply and communications of a fleet. | |
| 506 | _aPublic domain in the USA. | ||
| 516 | _aElectronic text | ||
| 653 | _aNaval art and science | ||
| 653 | _aGreat Britain. Royal Navy -- History | ||
| 653 | _aSea-power | ||
| 830 | 0 |
_aProject Gutenberg _v10694 |
|
| 856 | 4 | 0 | _uhttp://www.gutenberg.org/ebooks/10694 |
| 942 | _cEB | ||
| 999 |
_c239949 _d239949 |
||